Physics / (Record no. 357524)
[ view plain ]
| 000 -LEADER | |
|---|---|
| fixed length control field | 00487nam a2200193Ia 4500 |
| 008 - FIXED-LENGTH DATA ELEMENTS--GENERAL INFORMATION | |
| fixed length control field | 180523s9999 xx 000 0 und d |
| 020 ## - INTERNATIONAL STANDARD BOOK NUMBER | |
| International Standard Book Number | 978-0-471-79451-1 |
| 050 ## - LIBRARY OF CONGRESS CALL NUMBER | |
| Classification number | MAIN QC 23.2 |
| 050 ## - LIBRARY OF CONGRESS CALL NUMBER | |
| Item number | .C88 2007 c.1 |
| 100 ## - MAIN ENTRY--PERSONAL NAME | |
| Personal name | Cutnell, John D. |
| 245 #0 - TITLE STATEMENT | |
| Title | Physics / |
| 245 #0 - TITLE STATEMENT | |
| Statement of responsibility, etc | John D. Cutnell & Kenneth W. Johnson. |
| 250 ## - EDITION STATEMENT | |
| Edition statement | 7th Edition |
| 260 ## - PUBLICATION, DISTRIBUTION, ETC. (IMPRINT) | |
| Name of publisher, distributor, etc | John Wiley & Sons, |
| 260 ## - PUBLICATION, DISTRIBUTION, ETC. (IMPRINT) | |
| Date of publication, distribution, etc | 2007 |
| 300 ## - PHYSICAL DESCRIPTION | |
| Extent | 1064 pages : |
| 300 ## - PHYSICAL DESCRIPTION | |
| Dimensions | 26 cm. |
| 500 ## - GENERAL NOTE | |
| General note | Includes index. |
| Withdrawn status | Lost status | Damaged status | Home library | Current library | Shelving location | Date acquired | Total Checkouts | Full call number | Barcode | Date last seen | Price effective from | Koha item type |
|---|---|---|---|---|---|---|---|---|---|---|---|---|
| South Mansfield College | South Mansfield College | 05/31/2008 | MAIN QC 23.2 .C88 2007 c.1 | SMC05170 | 05/23/2018 | 05/23/2018 |